MARC

LEADER 00000nam1a2200000 4500
001 277009
005 20231031231312.0
020 |a RU  |b 86-3811 
035 |a (RuTPU)RU\TPU\book\300282 
090 |a 277009 
100 |a 20141127d1985 u a0rusy5003 ca 
101 0 |a rus 
200 1 |a Основания, фундаменты и подземные сооружения  |f [М. И. Горбунов-Посадов, В. А. Ильичев, В. И. Крутов и др.]  |g Под ред. ред. Е. А. Сорочана, Ю. Г. Трофименкова 
210 |a Москва  |c Стройиздат  |d 1985 
215 |a 479 с.  |c ил.  |d 27 см 
225 1 |a Справ. проектировщика 
300 |a Авт. указаны на обороте тит. л. 
610 0 |a Основания и фундаменты - Проектирование - Справочники 
610 0 |a Подземные сооружения - Проектирование - Справочники 
610 0 |a Справочники - Основания и фундаменты - Проектирование 
610 0 |a Справочники - Подземные сооружения - Проектирование 
675 |a 624.15.04(035.5)  |z rus  |v 3 
702 1 |a Горбунов-Посадов  |b Михаил Иванович  |4 070 
702 1 |a Сорочан  |b Евгений Андреевич  |4 340 
801 0 |a RU  |b RuMRKP  |c 19950704  |g psbo 
801 1 |a RU  |b 63413507  |c 20141127 
801 2 |a RU  |b 63413507  |c 20201123  |g RCR 
942 |c BK